00298nam a2200121Ia 45000030006000000080041000060400015000471000030000622450046000922600009001385460012001470050017001590STCL150530s9999 xx 000 0 und d aSTCLcSTCL aBrajadulal Chattopadhyaya aEssays in ancient Indian economic history c1987 aEnglish20220125171429.0